[Event "EYCC 2017"]
[Site "Mamaia"]
[Date "2017.09.12"]
[Round "7"]
[White "Radovic, Janko"]
[Black "Janik, Igor"]
[Result "1-0"]
[WhiteElo "2330"]
[BlackElo "2418"]
[Annotator "TA"]
[PlyCount "83"]
[EventDate "2017.??.??"]
[EventType "swiss"]
[EventCountry "ROU"]
[SourceTitle "playchess.com"]
[Source "ChessBase"]
[SourceQuality "1"]

{[%evp 18,83,87,98,110,106,198,0,7,0,0,0,0,0,0,0,0,0,0,0,0,0,0,-176,35,29,29,-462,43,39,42,32,33,33,103,84,254,254,250,249,262,258,241,246,257,235,281,283,280,271,263,262,331,331,331,331,331,331,370,369,369,369,387,387,387,387,457,402]} 1. e4 {[%cal Be2e4,Be4e5][%mdl 32]} d6 2. d4 Nf6 3. Nc3 g6 4. f4 Bg7 5. Nf3 O-O 6. e5 Nfd7 7. h4 {[%cal Bh2h4,Bh4h5][%mdl 32]} c5 8. h5 cxd4 9. Qxd4 Nc6 {B09: Pirc Defence: Austrian Attack} (9... dxe5 10. Qf2 e4 11. Nxe4 Nf6 12. Nxf6+ exf6 13. hxg6 Re8+ 14. Be2 hxg6 15. Bd2 Nc6 16. O-O-O Qb6 17. Qxb6 axb6 18. Bc4 b5 19. Bxb5 Rxa2 {0-1 (45) Vaisser,A (2531)-Jones,G (2664) Douglas 2014}) 10. Qf2 $1 {LiveBook: 3 Games. Hoping for hxg6.} dxe5 11. hxg6 hxg6 (11... fxg6 $16 {was worth a try.} 12. Bc4+ e6) 12. fxe5 $146 (12. Qh4 $18 {[%csl Gh1][%cal Rh4h7]} Nf6 13. fxe5) ({Find the theoretical novelty and annotate with similar games:} 12. Qh4 Nf6 13. fxe5 Nh5 14. g4 Nd4 15. Nxd4 Qxd4 16. gxh5 Qxe5+ 17. Be2 Bf5 18. hxg6 Bxg6 19. Bf4 Qf5 20. Bd3 Qe6+ 21. Ne2 f5 22. Bh6 Rfc8 23. Bxg7 Kxg7 24. O-O-O {1-0 (24) Kantans,T (2481)-Guerra Bastida,D (2304) Pontevedra 2015}) 12... Ndxe5 13. Nxe5 Nxe5 14. Qh4 {[%csl Gh1][%cal Rh4h7]} f6 15. Bh6 g5 16. Qe4 {Black must now prevent Bxg7.} f5 17. Bc4+ e6 18. Bxg7 $1 fxe4 19. Bxe5 Qa5 $1 {[%cal Ra5e5]} 20. Bb5 $2 {[#]} (20. Bd4 $11 Qb4 21. b3) 20... Rf5 $2 ({Black should play} 20... Bd7 $1 $19 {[%cal Rd7b5]} 21. Rh8+ (21. Bxd7 Qxe5) 21... Kf7 22. Rh7+ Kg6 23. Rxd7 Rf5) 21. Rh8+ $14 Kf7 22. Be8+ $1 Ke7 {[#]} 23. Bc7 $1 {[%cal Rc7a5][%mdl 512]} Qxc7 24. Rh7+ Kxe8 25. Rxc7 {Strongly threatening Rd1.} Bd7 ({Better is} 25... Rf7 $14 26. Rc4 b6 27. Nxe4 Ba6 28. Nd6+ Kf8) 26. Nxe4 {aiming for 0-0-0.} Bc6 $2 (26... Kd8 $16 {is a better defense.} 27. Rxb7 Bc6 28. O-O-O+ Rd5) 27. Nd6+ $18 Kd8 28. Rg7 Rd5 29. Rg8+ Kc7 30. Rxa8 Rxd6 {[%mdl 4096] Endgame KRR-KRB} 31. Rg8 Rd5 32. Rd1 Ra5 33. Rg7+ Kb6 34. a3 Bxg2 35. Rd6+ Bc6 36. Rxe6 Rc5 37. Kd2 Rd5+ 38. Kc1 Rf5 39. b3 a5 40. a4 Rf1+ 41. Kb2 Rf2 42. Rxg5 {Precision: White = 87%, Black = 30%.} 1-0

[Event "EYCC 2017"]
[Site "Mamaia"]
[Date "2017.09.12"]
[Round "7"]
[White "Kucuksari, Kaan"]
[Black "Yeritsyan, Aram"]
[Result "0-1"]
[WhiteElo "2319"]
[BlackElo "2264"]
[Annotator "ChessBase"]
[PlyCount "84"]
[EventDate "2017.??.??"]
[EventType "swiss"]
[EventCountry "ROU"]
[SourceTitle "playchess.com"]
[Source "ChessBase"]
[SourceQuality "1"]
[TimeControl "40/5400+30:1800+30"]

1. d4 {[%emt 0:00:00]} Nf6 {[%emt 0:00:05]} 2. Nf3 {[%emt 0:00:00]} e6 {[%emt 0:00:04]} 3. c4 {[%emt 0:00:00]} Bb4+ {[%emt 0:00:05]} 4. Nbd2 {[%emt 0:00:00]} b6 {[%emt 0:00:12]} 5. a3 {[%emt 0:00:18]} Bxd2+ {[%emt 0:00:06]} 6. Qxd2 {[%emt 0:00:09]} Bb7 {[%emt 0:00:07]} 7. e3 {[%emt 0:00:07]} d6 {[%emt 0:00:42]} 8. Be2 {[%emt 0:00:14]} O-O {[%emt 0:00:13]} 9. O-O {[%emt 0:00:11]} Nbd7 {[%emt 0:00:05]} 10. b4 {[%emt 0:01:02]} Ne4 {[%emt 0:00:06]} 11. Qc2 {[%emt 0:00:29]} f5 {[%emt 0:00:29]} 12. Bb2 {[%emt 0:15:24]} Ndf6 {[%emt 0:16:15]} 13. Ne1 {[%emt 0:08:10]} Ng4 {[%emt 0:14:29]} 14. h3 {[%emt 0:26:35]} Ngf6 {[%emt 0:13:05]} 15. Nd3 {[%emt 0:02:24]} g5 {[%emt 0:04:14]} 16. Kh2 Ne8 {[%emt 0:19:39]} 17. f3 {[%emt 0:06:30]} N4f6 {[%emt 0:00:05]} 18. a4 {[%emt 0:04:55]} g4 {[%emt 0:04:48]} 19. fxg4 {[%emt 0:06:03]} fxg4 {[%emt 0:00:04]} 20. Rf4 {[%emt 0:02:30]} gxh3 {[%emt 0:02:41]} 21. gxh3 {[%emt 0:00:35]} Be4 {[%emt 0:01:17]} 22. Raf1 {[%emt 0:05:30]} Qe7 {[%emt 0:03:37]} 23. Bf3 {[%emt 0:05:04]} Bxf3 {[%emt 0:01:01]} 24. R1xf3 {[%emt 0:01:01]} Ng7 {[%emt 0:01:52]} 25. Qg2 {[%emt 0:00:31]} Nfh5 {[%emt 0:05:03]} 26. Rg4 {[%emt 0:06:27]} Rxf3 {[%emt 0:00:38]} 27. Qxf3 {[%emt 0:00:03]} Rf8 {[%emt 0:00:07]} 28. Qg2 {[%emt 0:00:08]} Nf6 {[%emt 0:01:36]} 29. Rg5 {[%emt 0:00:52]} Kh8 {[%emt 0:02:12]} 30. Nf4 {[%emt 0:00:19]} d5 {[%emt 0:04:45]} 31. Qg3 {[%emt 0:06:11]} Nf5 {[%emt 0:01:30]} 32. Qg1 {[%emt 0:00:29]} Qxb4 {[%emt 0:01:12]} 33. Nxe6 {[%emt 0:03:20]} Qd6+ {[%emt 0:00:33]} 34. Nf4 {[%emt 0:00:05]} Ne4 {[%emt 0:00:44]} 35. Rg4 {[%emt 0:00:16]} Nd2 {[%emt 0:00:42]} 36. Kh1 {[%emt 0:01:19]} Nxc4 {[%emt 0:01:12]} 37. e4 {[%emt 0:00:38]} Nxb2 {[%emt 0:01:51]} 38. exf5 {[%emt 0:00:03]} Qf6 {[%emt 0:01:22]} 39. Ne6 {[%emt 0:00:58]} Rc8 {[%emt 0:00:35]} 40. Rg7 {[%emt 0:00:00]} Qxf5 {[%emt 0:00:22]} 41. Qe3 {[%emt 0:16:52]} Re8 {[%emt 0:07:12]} 42. Rg5 {[%emt 0:04:46]} Rxe6 {[%emt 0:00:27]} 0-1

[Event "EYCC 2017"]
[Site "Mamaia"]
[Date "2017.09.12"]
[Round "7"]
[White "Kouskoutis, Georgios-Alexandros"]
[Black "Yayloyan, Konstantin"]
[Result "1/2-1/2"]
[WhiteElo "2314"]
[BlackElo "2142"]
[Annotator "TA"]
[PlyCount "123"]
[EventDate "2017.??.??"]
[EventType "swiss"]
[EventCountry "ROU"]
[SourceTitle "playchess.com"]
[Source "ChessBase"]
[SourceQuality "1"]

{[%evp 18,123,62,60,56,58,50,49,48,39,50,24,52,25,37,35,29,26,16,20,29,13,17,0,0,0,0,0,170,14,145,163,160,144,398,197,213,217,215,198,213,200,196,145,344,70,70,70,70,50,104,89,107,111,137,108,166,166,158,106,117,57,168,156,144,17,12,49,150,134,147,0,0,0,0,0,0,0,0,0,0,0,0,0,0,0,0,0,0,0,0,0,0,0,0,0,0,0,0,0,0,0,0,0,0,0,0,0]} 1. Nf3 g6 2. g3 Bg7 3. Bg2 Nf6 4. O-O O-O 5. d4 d6 6. b3 c5 7. Bb2 Nc6 8. c4 Ne4 9. e3 Qa5 {E60: King's Indian: Unusual lines and Fianchetto Variation without Nc3} (9... Bg4 10. Qc1 Bxf3 11. Bxf3 Ng5 12. Bxc6 bxc6 13. dxc5 Bxb2 14. Qxb2 dxc5 15. Nc3 Qd3 16. Rad1 Qf5 17. f3 Rfd8 18. Qe2 {½-½ (43) Lagarde,M (2572)-Degraeve,J (2586) Agen 2016}) 10. Qc1 {LiveBook: 3 Games} cxd4 11. Nxd4 Nxd4 {White is slightly better.} 12. exd4 Nf6 $146 ({Predecessor:} 12... f5 13. Qe3 e5 14. Bxe4 fxe4 15. Qxe4 Bh3 16. Rd1 exd4 17. Nd2 {0-1 (53) Grabert,R (2075)-Kraft,H (2080) Bayern 2001}) 13. d5 Bd7 14. Qe1 Qc7 15. Nc3 a6 16. Rc1 Rfe8 17. Qd2 Qa5 18. a3 b5 $1 19. b4 Qb6 $1 20. c5 dxc5 21. bxc5 Qxc5 22. d6 $1 {Threatens to win with Nd5.} Qh5 $2 (22... Qa7 $11 {and Black stays safe.}) 23. Ne2 $2 (23. Bxa8 $18 Rxa8 24. dxe7) 23... Rab8 (23... e5 $1 $11) 24. Nf4 $36 {[%mdl 2048] White is on the roll.} Qh6 {aiming for ...e5.} 25. dxe7 {And now Bxf6 would win.} Bf5 $2 {[%mdl 8192]} (25... g5 $16) 26. h4 (26. Rfe1 $142) 26... Ne4 $18 27. Bxe4 Bxe4 28. Bxg7 Qxg7 29. Qd6 f5 30. Rc7 (30. Qxa6 Qxe7 31. Rfe1 Qe5 $11) (30. f3 $18) 30... Qf7 $2 (30... Rb7 $16) 31. Rd7 $2 (31. f3 $18 Ba8 32. Rd7) 31... Rb7 $14 32. Rxb7 Bxb7 33. Re1 Be4 (33... Qc4 $14) 34. Qxa6 Rxe7 35. Qxb5 Rb7 36. Qc5 Qc7 {[#]} (36... h6 $16 37. a4 Kh7) 37. Qd4 $1 $18 Qd7 38. Qe3 ({White should try} 38. Qc4+ Qf7 39. Qc8+ Qf8 40. Qxf8+ Kxf8 41. Ne6+ Kg8 42. Nc5) 38... Qa4 $16 39. Qc3 (39. Rc1 $16 {Strongly threatening f3.} Rc7 40. Re1) 39... Qb3 (39... Qc2 $1 $14 40. Qxc2 Bxc2) 40. Qc8+ $18 Kf7 {[#]} 41. Qh8 (41. Kh2 $1 $16) 41... Qf3 $1 $11 {[%csl Ge4][%cal Rf3h1]} 42. Qxh7+ Kf6 ({Better is} 42... Ke8 $14 43. Qxg6+ (43. Qxb7 $2 Qh1#) 43... Kf8 44. Qf6+ (44. Ne6+ $2 Ke7 $19) 44... Kg8 45. Qg6+ Kf8 46. Qf6+ (46. Ne6+ $2 Ke7 $19) 46... Kg8 47. Qg6+ Kf8) 43. Qxg6+ $16 Ke7 {[%csl Ge4][%cal Rf3h1]} 44. Nd5+ (44. Qg7+ $16 Ke8 45. Qg8+ (45. Qxb7 $2 {is a self mate.} Qh1#) 45... Ke7 46. Qg5+ Kf7 47. Qh5+ (47. Qg6+ Kf8 $16) 47... Qxh5 48. Nxh5) 44... Kf8 $11 {[%csl Ge4][%cal Rf3h1] The position is equal.} 45. Qd6+ Kf7 {[%csl Ge4][%cal Rf3h1]} 46. Qf6+ Kg8 {[%csl Ge4][%cal Rf3h1]} 47. Qe6+ Kg7 {[%csl Ge4][%cal Rf3h1]} 48. Qe5+ Kf7 $1 {[%csl Ge4][%cal Rf3h1]} 49. Rxe4 fxe4 {[%mdl 4096] Endgame KQR-KQN} 50. Qa1 {Qc1 is the strong threat.} Rd7 $1 {[%cal Rd7d5]} 51. Ne3 {Hoping for Qb2.} Rd2 52. Qf1 Kg7 53. Qg2 (53. a4 {feels hotter.} Qe2 54. Qxe2 Rxe2 55. Nd5 Ra2 56. Nc3) 53... Ra2 54. Qxf3 exf3 {KR-KN} 55. g4 Kf6 ({But not} 55... Rxa3 $6 56. Kh2 $16) 56. Kh2 (56. a4 $5) 56... Rxf2+ 57. Kg3 Ra2 58. Kxf3 Rxa3 59. Ke2 Kg6 60. Nd5 Ra4 61. Kf3 Ra3+ 62. Ne3 {Precision: White = 44%, Black = 57%.} 1/2-1/2

[Event "EYCC 2017"]
[Site "Mamaia"]
[Date "2017.09.12"]
[Round "7"]
[White "Lazov, Toni"]
[Black "Drygalov, Sergey"]
[Result "1/2-1/2"]
[WhiteElo "2289"]
[BlackElo "2415"]
[Annotator "TA"]
[PlyCount "57"]
[EventDate "2017.??.??"]
[EventType "swiss"]
[EventCountry "ROU"]
[SourceTitle "playchess.com"]
[Source "ChessBase"]
[SourceQuality "1"]

{[%evp 20,57,31,23,27,27,27,20,23,33,26,26,22,23,33,42,40,39,39,24,22,13,13,4,14,0,0,0,0,0,0,0,0,0,0,0,0,0,0,0]} 1. e4 c5 2. Nf3 e6 3. d4 cxd4 4. Nxd4 Nc6 {[%cal Bb8c6,Bc6a5,Ba5c4][%mdl 32]} 5. Nc3 Qc7 6. Be3 a6 7. Qd2 Nf6 8. f4 {B48: Sicilian: Taimanov: 5 Nc3 Qc7 6 Be3 a6 without Be2} (8. O-O-O Be7 9. f4 b5 10. e5 b4 11. exf6 bxc3 12. Qxc3 Bxf6 13. g4 h6 14. h4 Bb7 15. Rh2 Rc8 16. Qd2 Nxd4 17. Bxd4 Bxd4 18. Qxd4 {½-½ (49) Jakovenko,D (2703)-Inarkiev,E (2707) Geneve 2017}) 8... Bb4 9. Bd3 Na5 10. a3 Bxc3 11. Qxc3 {LiveBook: 57 Games} Qxc3+ 12. bxc3 d5 13. exd5 exd5 14. Nb3 Nc4 15. Bd4 O-O 16. Bxf6 gxf6 17. Bxc4 dxc4 18. Nd4 $146 Bd7 19. Kf2 b5 20. Rhe1 {The position is equal.} Rfe8 21. Kf3 Kf8 22. g4 Rac8 23. h4 h6 24. Rad1 Rxe1 25. Rxe1 Rc5 26. Rg1 Bc8 27. Ra1 Bd7 28. Rg1 Bc8 29. Ra1 {Precision: White = 62%, Black = 97%.} 1/2-1/2

[Event "EYCC 2017"]
[Site "Mamaia"]
[Date "2017.09.12"]
[Round "7"]
[White "Diakonova, Ekaterina"]
[Black "Posuniak, Weronika"]
[Result "1-0"]
[WhiteElo "2276"]
[BlackElo "1856"]
[Annotator "TA"]
[PlyCount "63"]
[EventDate "2017.??.??"]
[EventType "swiss"]
[EventCountry "ROU"]
[SourceTitle "playchess.com"]
[Source "ChessBase"]
[SourceQuality "1"]

{[%evp 14,63,31,22,70,68,52,62,95,93,99,95,132,137,158,145,159,170,172,131,125,118,224,193,232,228,231,221,208,169,448,302,306,286,681,680,676,676,865,928,1321,1227,1468,1393,2960,2918,29984,29985,29989,3385,29996,29997]} 1. e4 c6 2. Nc3 d5 3. Nf3 Bg4 4. h3 Bxf3 5. Qxf3 Nf6 6. d3 e6 7. Bd2 Nbd7 {B11: Caro-Kann: Two Knights Variation} (7... h5 8. O-O-O h4 9. Kb1 Qb6 10. Re1 d4 11. Nd1 Nbd7 12. g4 hxg3 13. Qxg3 O-O-O 14. Bg2 Nh5 15. Qh2 {½-½ (56) Lu,S (2619)-Kasimdzhanov,R (2698) Chengdu 2017}) 8. O-O-O {LiveBook: 10 Games} d4 9. Ne2 c5 $146 {White is slightly better.} ({Find the theoretical novelty and annotate with similar games:} 9... Qb6 10. g4 h6 11. Qg3 O-O-O 12. f4 Nc5 13. Qe1 Qb5 14. e5 Nd5 15. b3 Na4 16. Kb1 Bc5 17. Ka1 Nac3 18. Bxc3 dxc3 19. d4 Qa5 20. Rh2 Ne3 21. Rc1 Qa3 {0-1 (21) Dolzhikova,O (2167)-Paikidze,N (2366) Baku 2016}) 10. g4 {[%cal Bg2g4,Bg4g5][%mdl 32]} b5 11. g5 Ng8 12. h4 {[%cal Bh3h4,Bh4h5][%mdl 32]} Rc8 13. Qg3 Qb6 14. h5 Bd6 15. f4 Ne7 16. Bh3 c4 {[#] ...c3 would now be nice for Black.} 17. Nxd4 $1 {[%mdl 512]} Nc5 ({Don't go for} 17... Qxd4 $2 18. Be3 $18) (17... c3 $16 {was called for.} 18. Bxc3 (18. bxc3 b4 $14) 18... b4) 18. Kb1 cxd3 19. cxd3 Nxe4 20. dxe4 Qxd4 21. Rhe1 {Bc3 is the strong threat.} Qa4 $2 {[#]} (21... O-O {is a better defense.} 22. Qb3 (22. Bc3 Qc5 $16) 22... Qc4) 22. g6 $1 {[%mdl 512]} hxg6 (22... fxg6 23. Bxe6) 23. hxg6 Nxg6 $2 {[#]} (23... Qc2+ 24. Ka1 Rh6) 24. Bxe6 $1 $18 {[%mdl 512]} Qc2+ (24... fxe6 25. Qxg6+) 25. Ka1 Rc7 26. Bb3 Qc6 27. e5 {[%cal Be4e5,Be5e6,Be6f7][%mdl 32]} Be7 28. e6 Kf8 29. exf7 {Intending Bb4! and mate.} Rd7 30. Rc1 Qb7 31. Bc3 (31. Qxg6 $142 Rh6 32. Qg4 Rc6 33. Rxc6 Qxc6 34. Qh3 Rd5 35. Qh8+ Kxf7 36. Qh5+ Kf8 37. Bxd5) 31... Rd8 32. Qxg6 {Precision: White = 87%, Black = 14%.} 1-0

[Event "EYCC 2017"]
[Site "Mamaia"]
[Date "2017.09.12"]
[Round "7"]
[White "Krstulovic, Alex"]
[Black "Remizov, Yaroslav"]
[Result "0-1"]
[WhiteElo "2261"]
[BlackElo "2146"]
[Annotator "TA"]
[PlyCount "62"]
[EventDate "2017.??.??"]
[EventType "swiss"]
[EventCountry "ROU"]
[SourceTitle "playchess.com"]
[Source "ChessBase"]
[SourceQuality "1"]

{[%evp 20,62,36,47,64,-87,-82,-71,-55,-69,-82,-82,-68,-72,-75,-109,-105,-116,-114,-153,-130,-123,-149,-132,-131,-139,-137,-143,-147,-141,-150,-299,-306,-300,-291,-266,-279,-265,-265,-262,-265,-278,-274,-2144,-2035]} 1. d4 d5 2. c4 e6 3. Nc3 c6 4. e4 dxe4 5. Nxe4 Bb4+ 6. Bd2 {[%cal Bc1d2,Bd2b4,Bb4f8,Bf8g7,Bg7c3][%mdl 32]} Qxd4 7. Bxb4 Qxe4+ 8. Ne2 Na6 9. Bf8 Ne7 10. Bxg7 {D31: Queen's Gambit Declined: Semi-Slav without ...Nf6 (+ Marshall Gambit and Noteboom) and Exchange Variation lines without ...Nf6} Rg8 (10... Nb4 11. Qd6 Nd3+ 12. Kd2 Nf5 13. Qxd3 Qxd3+ 14. Kxd3 Nxg7 15. Kc3 b6 16. g4 Bb7 17. Bg2 O-O-O {½-½ (50) Wojtaszek,R (2733)-Giri,A (2750) Biel 2014}) 11. Bc3 {LiveBook: 8 Games} Nc5 12. Qd6 $146 {[#]} (12. Qd4 $14 Qxd4 13. Bxd4 Nd3+ 14. Kd2) ({Predecessor:} 12. Qd4 Qxd4 13. Bxd4 Nd7 14. Ng3 c5 15. Bc3 b6 16. Bd3 Bb7 17. f3 f5 {½-½ (33) Chittka,J (2053)-Korneev,O (2594) Koge 2015}) 12... Nd3+ $1 $17 13. Kd2 {Intending Bf6 and mate.} Nxf2 {[#]} 14. Bf6 $1 {[%csl Gf6][%cal Rd6e7][%mdl 512]} Qd5+ $1 15. cxd5 {[%csl Gf6][%cal Rd6e7]} Ne4+ 16. Ke1 {[%csl Gf6][%cal Rd6e7]} Nxd6 17. Bxe7 Kxe7 18. dxc6 bxc6 {[%cal Bb7c6,Bc6c5][%mdl 32]} 19. g3 Rb8 20. b3 c5 21. Bg2 Ba6 22. Rc1 Rgc8 23. Kf2 Bxe2 24. Kxe2 c4 25. bxc4 (25. Rhe1 $17 {was called for.}) 25... Rb2+ $19 ({Less strong is} 25... Rxc4 26. Rxc4 Rb2+ 27. Kd3 $17) (25... Nxc4 26. Rc2 $17) 26. Kf3 Nxc4 {And now ...Ne5+ would win.} 27. g4 Ne5+ 28. Kg3 Rxc1 29. Rxc1 Rxa2 30. g5 Ra3+ 31. Kf4 $2 (31. Kh4) 31... Nd3+ {Precision: White = 36%, Black = 91%.} 0-1

[Event "EYCC 2017"]
[Site "Mamaia"]
[Date "2017.09.12"]
[Round "7"]
[White "Antova, Gabriela"]
[Black "Maltsevskaya, Aleksandra"]
[Result "1-0"]
[WhiteElo "2256"]
[BlackElo "2271"]
[Annotator "TA"]
[PlyCount "121"]
[EventDate "2017.??.??"]
[EventType "swiss"]
[EventCountry "ROU"]
[SourceTitle "playchess.com"]
[Source "ChessBase"]
[SourceQuality "1"]

{[%evp 22,121,47,47,48,44,84,83,103,82,80,67,76,60,58,38,57,52,43,14,18,15,18,15,12,13,45,39,67,69,117,97,126,118,132,128,152,155,201,208,206,167,162,169,313,312,285,324,540,537,788,360,379,346,311,260,362,348,379,292,292,295,294,293,410,397,404,407,406,360,432,412,574,527,426,374,530,520,577,570,608,600,729,721,683,704,680,658,741,747,29978,29979,29979,29980,29980,29981,29978,29979,29978,29979,29985,29986]} 1. d4 Nf6 2. Nf3 g6 3. c4 Bg7 4. g3 O-O 5. Bg2 d6 6. O-O Nbd7 7. Nc3 e5 8. e4 exd4 9. Nxd4 Nc5 10. f3 Re8 11. Be3 c6 {E68: King's Indian: Fianchetto: 6...Nbd7 7 0-0 e5 8 e4} 12. Qd2 {LiveBook: 3 Games} Qe7 13. Rfe1 Bd7 {White is slightly better.} 14. Rad1 b6 $146 ({Predecessor:} 14... Red8 15. Nb3 Be8 16. e5 {1-0 (16) Stohl,I (2565)-Likavsky,T (2240) Pardubice 1997}) 15. b4 Ne6 16. Nde2 Rad8 17. a3 Bc8 18. h3 Bb7 19. f4 d5 {Threatens to win with ...Nxe4.} 20. cxd5 cxd5 {[%cal Rf6e4]} 21. e5 Ne4 22. Nxe4 dxe4 23. Qc2 Rxd1 24. Rxd1 Rc8 25. Qb3 Rd8 26. Nc3 Rxd1+ 27. Qxd1 f6 28. exf6 $1 ({Reject} 28. Bxe4 $6 fxe5 29. Nd5 Qd8 $11) 28... Bxf6 {[#]} 29. Nd5 $1 {[%cal Rd5e7]} (29. Nxe4 $6 Bxe4 30. Bxe4 Nxf4 $11) 29... Qd8 30. Nxf6+ ({Don't take} 30. Bxe4 Kf8) 30... Qxf6 31. Qd7 Qf7 32. Qd6 h5 (32... Nc7 {is a better defense.} 33. a4 Ne8) 33. Qb8+ $18 Kh7 34. Qxa7 Ng7 $2 (34... b5 35. Bxe4 Nd8) 35. Bxb6 h4 {[#]} 36. Bf2 (36. Bxe4 $142 $1 {[%mdl 512]} Qb3 (36... Bxe4 37. Qxf7) 37. Qxb7 Qxg3+ 38. Bg2) 36... hxg3 37. Bxg3 Qd5 38. Kh2 Bc6 39. Qc7 Kh6 40. Bh4 Ne6 41. Qe5 Qxe5 42. fxe5 {[%mdl 4096] Endgame KBB-KBN} g5 43. Be1 Nd4 44. Bc3 Nb5 45. Bb2 e3 {aiming for ...e2.} 46. Bf1 ({But not} 46. Bxc6 $2 e2 $19) 46... Nc7 47. Bc4 Kg6 48. Bd4 Kf5 (48... Bb5 $142) 49. Bxe3 Kxe5 50. Bxg5 Kd4 51. Bf7 Nb5 52. Bf6+ Ke3 53. a4 Nd6 54. Bb3 Ne4 55. Bg7 Nd2 56. Bh6+ {White mates.} Ke2 57. Bxd2 Kxd2 58. b5 Be4 59. a5 {[%cal Ba4a5,Ba5a6][%mdl 32]} Kc3 60. a6 Bd3 61. Bd5 {Precision: White = 71%, Black = 35%.} 1-0

[Event "EYCC 2017"]
[Site "Mamaia"]
[Date "2017.09.12"]
[Round "7"]
[White "Georgescu, Lena"]
[Black "Gitu, Paula-Alexandra"]
[Result "0-1"]
[WhiteElo "2246"]
[BlackElo "1948"]
[Annotator "TA"]
[PlyCount "84"]
[EventDate "2017.??.??"]
[EventType "swiss"]
[EventCountry "ROU"]
[SourceTitle "playchess.com"]
[Source "ChessBase"]
[SourceQuality "1"]

{[%evp 17,84,34,51,32,37,30,39,27,49,27,39,29,48,34,46,0,91,95,222,54,123,98,128,63,44,17,0,10,18,-18,-31,-190,-195,-244,-244,-391,-393,-404,-395,-466,-442,-403,-293,-406,-402,-382,-329,-462,-351,-378,-359,-409,-332,-446,-430,-1090,-563,-949,0,-1062,-539,-479,-527,-796,-786,-1298,-1094,-29993,-29994]} 1. e4 d6 2. d4 Nf6 3. Nc3 e5 4. Nf3 Nbd7 5. Bc4 Be7 6. a4 c6 7. O-O O-O 8. h3 Qc7 9. Re1 b6 10. Be3 {C41: Philidor Defence} (10. Ba2 a6 11. Be3 Bb7 12. Qd3 exd4 13. Bxd4 Ne5 14. Qe3 Nfd7 15. Ne2 Bf6 16. Nxe5 dxe5 17. Bc3 a5 18. Bc4 Nc5 19. Nc1 Rfe8 20. Nd3 Ne6 21. Qg3 Nf8 22. Rad1 Ng6 23. Qf3 {½-½ (23) Hracek,Z (2594)-Vajda,L (2596) Hungary 2016}) 10... Bb7 11. Nh4 {[%cal Bf3h4,Bh4f5,Bf5h6][%mdl 32]} Rfe8 12. Nf5 {White is slightly better.} Bf8 13. Ba2 a6 14. dxe5 Nxe5 15. Bg5 Nfd7 $1 16. Qh5 $146 {Hoping for f4.} ({Predecessor:} 16. Qd2 Nc5 17. Rad1 b5 18. Nxd6 Bxd6 19. Qxd6 Qxd6 20. Rxd6 {½-½ (46) Tauber,M (2192)-Pekar,K (2152) Slovakia 2010}) 16... g6 (16... b5 $11) 17. Nh6+ $16 Kg7 (17... Kh8 $16 18. Qh4 f6) 18. Qe2 $2 {[#]} (18. Qh4 $18) 18... Be7 (18... f6 $14 19. Bf4 b5) 19. Bd2 Bc8 20. Qf1 (20. Rf1 $16) 20... Rf8 $14 21. Ng4 Nxg4 22. hxg4 Ne5 23. g5 f6 {[%cal Bf7f6,Bf6g5][%mdl 32]} 24. Bf4 $2 {[#]} (24. gxf6+ $15 Bxf6 25. f3) 24... fxg5 $19 25. Bxe5+ dxe5 26. Qc4 (26. Bc4 $142) 26... Bc5 27. Nd1 a5 28. Ne3 Qe7 29. Rad1 Qf6 30. Rd2 g4 {White must now prevent ...g3!} 31. g3 Ra7 32. c3 (32. Qf1 $142) 32... Re7 {[%cal Ba7e7,Be7e8,Be8f8,Bf8f7][%mdl 32]} 33. Qe2 Qg5 34. Kg2 Ree8 35. Bc4 Rf3 36. Ba6 (36. Rh1 $142 Ref8 37. Nd1) 36... Be6 37. Bc4 {Now Bxe6 and White clings on.} Bc8 38. Ba6 $1 Bxa6 39. Qxa6 Ref8 (39... Bxe3 40. Rxe3 Rxe3 41. fxe3 $17) 40. Qb7+ R8f7 41. Qxc6 Bxe3 42. fxe3 Qh6 {Precision: White = 22%, Black = 62%.} 0-1